| 000 | 003910000a22001570004500 | ||
|---|---|---|---|
| 001 | 003988 | ||
| 003 | MACL | ||
| 040 | _aMACL | ||
| 090 |
_c15981 _d15980 |
||
| 100 | _aSatyanarayana, B | ||
| 245 |
_aDevelopment Problems And Policies In India _bAn Appraisal _cB Satyanarayana |
||
| 260 |
_aConcept Publishing Company, _c2000 |
||
| 350 | _a350 | ||
| 650 | _aSocial Science | ||
| 942 |
_k300 _cBook |
||
| 999 |
_c15881 _d15881 |
||